[Event "Samara Polugaevsky Memorial 1st"]
[Site "Samara"]
[Date "2011.07.10"]
[Round "6"]
[White "Bezman, Oleg"]
[Black "Zenzera, Alexey"]
[Result "0-1"]
[WhiteElo "2390"]
[BlackElo "2236"]
[PlyCount "42"]
[EventDate "2011.07.05"]
[EventType "swiss"]
[EventRounds "9"]
[EventCountry "RUS"]
[SourceTitle "CBM 143 Extra"]
[Source "ChessBase"]
[SourceDate "2011.08.29"]
[SourceVersion "1"]
[SourceVersionDate "2011.08.29"]
[SourceQuality "1"]

1. e4 c5 2. Nf3 e6 3. b3 b6 4. d4 cxd4 5. Nxd4 Bb7 6. Nb5 a6 7. Nd6+ Bxd6 8. Qxd6 Bxe4 9. Ba3 Nf6 10. Nd2 Nc6 11. 0-0-0 b5 12. Nxe4 Nxe4 13. Qf4 Qa5 14. Bb2 Nc3 15. Rd3 Nxa2+ 16. Kb1 Qe1+ 17. Kxa2 Nb4+ 18. Ka3 Nxc2+ 19. Ka2 Nb4+ 20. Ka3 Nxd3 21. Bxd3 Qa5+ 0-1

[Event "Samara Polugaevsky Memorial 1st"]
[Site "Samara"]
[Date "2011.07.07"]
[Round "3"]
[White "Ushakova, Irina"]
[Black "Bezman, Oleg"]
[Result "1/2-1/2"]
[WhiteElo "2126"]
[BlackElo "2390"]
[PlyCount "62"]
[EventDate "2011.07.05"]
[EventType "swiss"]
[EventRounds "9"]
[EventCountry "RUS"]
[SourceTitle "CBM 143 Extra"]
[Source "ChessBase"]
[SourceDate "2011.08.29"]
[SourceVersion "1"]
[SourceVersionDate "2011.08.29"]
[SourceQuality "1"]

1. d4 Nf6 2. Nf3 e6 3. g3 b5 4. Bg2 Bb7 5. 0-0 c5 6. c3 Be7 7. Bg5 d6 8. Bxf6 Bxf6 9. dxc5 dxc5 10. Qxd8+ Kxd8 11. Na3 a6 12. Nc2 Kc7 13. Ne3 h5 14. h4 Nd7 15. Ng5 Bxg2 16. Kxg2 Bxg5 17. hxg5 Nb6 18. Rfd1 Rhd8 19. b3 a5 20. Rxd8 Rxd8 21. Rd1 Rxd1 22. Nxd1 c4 23. bxc4 Nxc4 24. Kf3 Kd6 25. Ke4 Kc5 26. Kd3 Ne5+ 27. Kc2 Nc4 28. Kd3 Ne5+ 29. Kc2 Nc4 30. Kd3 Ne5+ 31. Kc2 Nc4 1/2-1/2

[Event "Samara op"]
[Site "Samara"]
[Date "2010.07.30"]
[Round "8"]
[White "Bezman, Oleg"]
[Black "Igonin, Michail"]
[Result "1-0"]
[WhiteElo "2341"]
[BlackElo "2190"]
[PlyCount "107"]
[EventDate "2010.07.23"]
[EventType "swiss"]
[EventRounds "9"]
[EventCountry "RUS"]
[SourceTitle "EXT 2011"]
[Source "ChessBase"]
[SourceDate "2010.11.26"]
[SourceVersion "1"]
[SourceVersionDate "2010.11.26"]
[SourceQuality "1"]

1. e4 c6 2. d4 d5 3. e5 Bf5 4. Ne2 e6 5. Nf4 c5 6. g4 Be4 7. f3 Qh4+ 8. Ke2 Bg6 9. c3 Qd8 10. h4 Bxb1 11. Rxb1 Ne7 12. b4 cxd4 13. cxd4 Nbc6 14. Be3 Ng6 15. Kf2 Nxh4 16. Bd3 Be7 17. Nh5 Kf8 18. Qd2 g5 19. a3 Ng6 20. Kg3 Rg8 21. Rbd1 Rc8 22. Bb1 Ke8 23. Nf6+ Bxf6 24. exf6 Qxf6 25. Bxg5 Qg7 26. Bh6 Qf6 27. b5 Nb8 28. Bg5 Qg7 29. Qa5 f6 30. Bd2 b6 31. Qb4 Rc4 32. Qd6 Qc7 33. Qxc7 Rxc7 34. Bxg6+ hxg6 35. Bf4 Rc8 36. Bxb8 Rxb8 37. Rh7 Ra8 38. Re1 e5 39. dxe5 f5 40. Rc1 Kd8 41. Rcc7 a6 42. bxa6 Rxa6 43. Ra7 Rxa7 44. Rxa7 Re8 45. f4 fxg4 46. Kxg4 Re7 47. Ra8+ Kc7 48. Kg5 d4 49. Kf6 Rd7 50. e6 Rd6 51. Ke5 d3 52. e7 Rd5+ 53. Kxd5 d2 54. Ra7+ 1-0

[Event "Samara op"]
[Site "Samara"]
[Date "2010.07.26"]
[Round "4"]
[White "Bezman, Oleg"]
[Black "Borisenko, Andrei"]
[Result "1/2-1/2"]
[WhiteElo "2341"]
[BlackElo "2420"]
[PlyCount "102"]
[EventDate "2010.07.23"]
[EventType "swiss"]
[EventRounds "9"]
[EventCountry "RUS"]
[SourceTitle "EXT 2011"]
[Source "ChessBase"]
[SourceDate "2010.11.26"]
[SourceVersion "1"]
[SourceVersionDate "2010.11.26"]
[SourceQuality "1"]

1. e4 c6 2. d4 d5 3. e5 Bf5 4. h4 Qb6 5. Nc3 h5 6. Na4 Qc7 7. Bd3 Bxd3 8. Qxd3 e6 9. Nf3 Qa5+ 10. Nc3 Qa6 11. Qxa6 Nxa6 12. Be3 Ne7 13. a3 Nf5 14. b4 b6 15. Kd2 Kd7 16. Na4 Be7 17. c3 Nc7 18. g3 Rhb8 19. Rhb1 Nb5 20. Bg5 f6 21. Bf4 Rb7 22. Ne1 a5 23. Nc2 Bd8 24. Nb2 axb4 25. axb4 Rba7 26. exf6 gxf6 27. Rxa7+ Rxa7 28. Ra1 Rxa1 29. Nxa1 Be7 30. Nc2 c5 31. bxc5 bxc5 32. Kd3 c4+ 33. Kd2 Bf8 34. Nd1 Bg7 35. Nde3 Nxe3 36. Bxe3 e5 37. Ne1 Ke6 38. f3 Kf5 39. Ng2 Bf8 40. Bf2 Bh6+ 41. Be3 Bg7 42. Bf2 Ke6 43. Be3 f5 44. dxe5 Bxe5 45. Nf4+ Kd6 46. Ne2 Nxc3 47. Nxc3 d4 48. Nd1 dxe3+ 49. Nxe3 Ke6 50. f4 Bd4 51. Nxc4 Bf2 1/2-1/2

[Event "Samara Region-ch HL"]
[Site "Samara"]
[Date "2006.12.??"]
[Round "2"]
[White "Bezman, Oleg"]
[Black "Iliushkin, Evgeny"]
[Result "1/2-1/2"]
[WhiteElo "2336"]
[BlackElo "2310"]
[PlyCount "90"]
[EventDate "2006.12.07"]
[EventType "tourn"]
[EventRounds "9"]
[EventCountry "RUS"]
[EventCategory "2"]
[SourceTitle "EXT 2019"]
[Source "ChessBase"]
[SourceDate "2018.10.10"]
[SourceVersion "1"]
[SourceVersionDate "2018.10.10"]
[SourceQuality "1"]

1. e4 c5 2. Nf3 e6 3. Nc3 d6 4. d4 cxd4 5. Nxd4 Nf6 6. g4 h6 7. g5 hxg5 8. Bxg5 a6 9. Qd2 Be7 10. 0-0-0 Bd7 11. h4 Nc6 12. f4 Qc7 13. Be2 0-0-0 14. Kb1 Nxe4 15. Nxe4 f6 16. f5 Nxd4 17. Qxd4 fxg5 18. fxe6 Bxe6 19. Nxg5 Bxg5 20. hxg5 Rxh1 21. Rxh1 Qc5 22. Qxc5+ dxc5 23. Kc1 Kc7 24. g6 Bd5 25. Rh4 Kd6 26. a4 Ke5 27. Bd3 Bf3 28. Rc4 Rd5 29. a5 Bh5 30. b3 Kd6 31. Rf4 Re5 32. Kb2 Re7 33. Kc3 Be2 34. Bxe2 Rxe2 35. Rf7 Re7 36. Rxe7 Kxe7 37. Kc4 Kd6 38. c3 Kc6 39. b4 cxb4 40. cxb4 Kd6 41. Kd4 Ke6 42. Kc5 Kd7 43. Kd5 Ke7 44. Kc5 Kd7 45. Kb6 Kc8 1/2-1/2

[Event "Samara Region-ch HL"]
[Site "Samara"]
[Date "2006.12.??"]
[Round "4"]
[White "Bezman, Oleg"]
[Black "Krasnov, Vladimir"]
[Result "1-0"]
[WhiteElo "2336"]
[BlackElo "2256"]
[PlyCount "93"]
[EventDate "2006.12.07"]
[EventType "tourn"]
[EventRounds "9"]
[EventCountry "RUS"]
[EventCategory "2"]
[SourceTitle "EXT 2019"]
[Source "ChessBase"]
[SourceDate "2018.10.10"]
[SourceVersion "1"]
[SourceVersionDate "2018.10.10"]
[SourceQuality "1"]

1. e4 c5 2. Nf3 d6 3. Nc3 a6 4. d4 cxd4 5. Nxd4 Nf6 6. Bg5 e6 7. f4 Nbd7 8. Qf3 Qc7 9. 0-0-0 Be7 10. g4 b5 11. Bxf6 Nxf6 12. g5 Nd7 13. f5 Bxg5+ 14. Kb1 Nc5 15. fxe6 Bxe6 16. h4 Be7 17. Nxe6 Nxe6 18. Bh3 0-0 19. Nd5 Qa7 20. Rdg1 Rae8 21. Bf5 Bd8 22. Rg2 Qd4 23. Rhg1 g6 24. h5 g5 25. h6 Kh8 26. Rf1 Qe5 27. c3 a5 28. a3 f6 29. Rd2 Nc5 30. Re1 Rf7 31. Kc2 Rb7 32. Qh5 Na6 33. Ne3 Rf8 34. Red1 Bc7 35. Rd5 Qe7 36. Qe2 Rfb8 37. Qd3 Nc5 38. Qd4 b4 39. axb4 axb4 40. Nc4 bxc3 41. bxc3 Ra7 42. Rb1 Ra2+ 43. Rb2 Raxb2+ 44. Nxb2 Nd7 45. Bxd7 Qxd7 46. Qxf6+ Kg8 47. Rxg5+ 1-0

[Event "Samara Region-ch HL"]
[Site "Samara"]
[Date "2006.12.??"]
[Round "9"]
[White "Pogorelskikh, Sergey"]
[Black "Bezman, Oleg"]
[Result "1/2-1/2"]
[WhiteElo "2283"]
[BlackElo "2336"]
[PlyCount "33"]
[EventDate "2006.12.07"]
[EventType "tourn"]
[EventRounds "9"]
[EventCountry "RUS"]
[EventCategory "2"]
[SourceTitle "EXT 2019"]
[Source "ChessBase"]
[SourceDate "2018.10.10"]
[SourceVersion "1"]
[SourceVersionDate "2018.10.10"]
[SourceQuality "1"]

1. e4 c5 2. Nc3 Nc6 3. Nf3 g6 4. d4 cxd4 5. Nxd4 Bg7 6. Be3 d6 7. f3 Nf6 8. Qd2 0-0 9. 0-0-0 d5 10. exd5 Nxd5 11. Nxc6 bxc6 12. Bd4 Nxc3 13. Qxc3 Bh6+ 14. Be3 Bxe3+ 15. Qxe3 Qb6 16. Qxb6 axb6 17. a3 1/2-1/2